| 000 | 00469nam a2200193 a 4500 | ||
|---|---|---|---|
| 001 | 4039 | ||
| 003 | CO-ViMGA | ||
| 008 | 141112s2004 ck r 000 u spa d | ||
| 020 | _a8420631299 | ||
| 040 |
_aCO-ViMGA _bspa _cCO-ViMGA |
||
| 082 | 0 | 4 | _a193 N437g |
| 100 | 1 | _aNietzsche, Friedrich | |
| 245 | 1 | 0 | _aLa gaya ciencia |
| 260 |
_aMadrid : _bM.E., _c1995 |
||
| 300 | _a271 p | ||
| 490 | _aClásicos de siempre, 46 | ||
| 650 | 1 | 4 | _aFILOSOFIA ALEMANA |
| 942 |
_2ddc _cBK |
||
| 999 |
_c16055 _d16055 |
||